000 00649nam a2200217 a 4500
001 000012646
005 20200929163042.0
008 091114s1982 mx 000 f spa d
020 _a9682312035
040 _aDO-SdBNP
_bspa
_cBNPHU
082 _a891.45
_bK57L
100 1 _akipling, Rudyard,
_q(Joseph Rudyard Kipling),
_d1865-1936
_929428
245 1 3 _aLa litera fantástica /
_cRudyard Kipling.
260 _aMéxico :
_bSiglo XXI,
_c1982.
300 _a189 p. ;
_c18 cm.
490 1 _aDe la gran literatura
650 4 _aNovela indica
_929429
650 4 _aLiteratura indica
_912016
830 6 _aDe la gran literatura
_929430
049 _aBNGR
999 _c12298
_d12298